000 00458nam a2200181Ia 4500
001 19615
005 20260306172706.0
008 260306t2018||||xx |||||||||||||| ||spa||
041 _aESP
082 _a340.7
_bC75 Nº 38
100 _aZegarra Valdivia, Diego
_eAUT
245 0 _aIntroducción al derecho de las telecomunicaciones
260 _c2018
300 _a181 páginas :
_c20 cm.
650 _aGEN
654 _aCDE
942 _cLIB
_dJUS
_fJUS
_2ddc
_n
999 _c19615
_d19615